| 000 | 00768nam a22001817a 4500 | ||
|---|---|---|---|
| 999 |
_c63876 _d63876 |
||
| 003 | Ge_BSU | ||
| 005 | 20260211120811.0 | ||
| 008 | 260211s1972 ge ||||| |||| 00| 0 geo d | ||
| 041 | _ageo | ||
| 080 | _a911.3:33(479.22)(075.3) კ-26 | ||
| 100 |
_aკარბელაშვილი, ლ. _925883 |
||
| 245 |
_aსაქართველოს სსრ ეკონომიური გეოგრაფია : _b8 კლ. სახელმძღვ. / |
||
| 250 | _a მე-5 გამოცემა | ||
| 264 |
_aთბ. : _bგანათლება, _c1971. |
||
| 300 |
_a107 გვ. : _bილ. ; _c21 სმ. |
||
| 653 | _aსაქართველოს ეკონომიური გეოგრაფია | ||
| 942 |
_2udc _cᲬᲘᲒᲜᲘ |
||